[Event "Creon op 14th"]
[Site "Creon"]
[Date "2009.07.28"]
[Round "3"]
[White "Trevidic, Bernard"]
[Black "Oumaziz, Paul"]
[Result "0-1"]
[WhiteElo "1578"]
[BlackElo "1791"]
[PlyCount "72"]
[EventDate "2009.07.27"]
[EventType "swiss"]
[EventRounds "9"]
[EventCountry "FRA"]
[SourceTitle "CBM 131 Extra"]
[Source "ChessBase"]
[SourceDate "2009.09.03"]
[SourceVersion "2"]
[SourceVersionDate "2009.09.16"]
[SourceQuality "1"]

1. e4 e5 2. Nf3 d6 3. c3 Nf6 4. d3 Be7 5. Be2 c6 6. Be3 Ng4 7. Qd2 Nxe3 8. fxe3 Nd7 9. c4 Nf6 10. h3 0-0 11. Nc3 a5 12. 0-0-0 a4 13. d4 Qa5 14. Nb1 Nxe4 15. Qxa5 Rxa5 16. Rhf1 Ng3 17. Rfe1 e4 18. Nfd2 Bg5 19. Nc3 Bxe3 20. Kc2 Bf2 21. Ndxe4 Bxe1 22. Rxe1 Nxe2 23. Rxe2 Bf5 24. Kd2 Bxe4 25. Nxe4 d5 26. cxd5 Rxd5 27. Kd3 Rfd8 28. Ke3 Rxd4 29. Rd2 Rxd2 30. Nxd2 Kf8 31. Nc4 b5 32. Na5 Rd6 33. Nb7 Rg6 34. Kf3 Ke7 35. Nc5 Rd6 36. Ne4 Rd1 0-1

[Event "Ambes op 2nd"]
[Site "Ambes"]
[Date "2009.04.16"]
[Round "6"]
[White "Jourdain, Eric"]
[Black "Trevidic, Bernard"]
[Result "1-0"]
[WhiteElo "1270"]
[BlackElo "1270"]
[PlyCount "92"]
[EventDate "2009.04.11"]
[EventType "swiss"]
[EventRounds "9"]
[EventCountry "FRA"]
[SourceTitle "EXT 2012"]
[Source "ChessBase"]
[SourceDate "2011.11.24"]
[SourceVersion "1"]
[SourceVersionDate "2011.11.24"]
[SourceQuality "1"]

1. e4 e5 2. Nf3 Nc6 3. Bb5 f6 4. 0-0 Bc5 5. c3 a6 6. Ba4 Nge7 7. Bb3 d6 8. d4 exd4 9. cxd4 Bb6 10. a3 Bg4 11. Nbd2 Bh5 12. Re1 Rf8 13. d5 Nb8 14. Ba4+ Kf7 15. Ng5+ fxg5 16. Qxh5+ Kg8 17. Nf3 h6 18. Qg4 Ba7 19. h4 b5 20. Bc2 Qd7 21. Qxd7 Nxd7 22. hxg5 h5 23. b4 Ne5 24. Bd1 Nxf3+ 25. Bxf3 Ng6 26. Ra2 h4 27. Rc2 Bb6 28. Be3 Bxe3 29. Rxe3 Rf7 30. Bh5 Kh7 31. Bxg6+ Kxg6 32. Rec3 Rc8 33. Rc6 Kxg5 34. Rxa6 Kh5 35. Rxd6 g5 36. Rdc6 g4 37. R2c5 g3 38. d6+ Kg4 39. f3+ Kf4 40. Rxc7 Rfxc7 41. Rxc7 Rd8 42. d7 h3 43. gxh3 Kxf3 44. e5 Ke4 45. e6 Rf8 46. e7 Rf2 1-0